| 000 | 00561nam a2200181Ia 4500 | ||
|---|---|---|---|
| 001 | 4505 | ||
| 005 | 20260306145801.0 | ||
| 008 | 260306t2005||||xx |||||||||||||| ||spa|| | ||
| 041 | _aESP | ||
| 082 |
_a323.44 _bI59 |
||
| 100 |
_aInstituto Interamericano de Derechos Humanos _eAUT |
||
| 245 | 0 |
_aEl sistema Interamericano de protección de los derechos humanos: _bsu jurisprudencia sobre debido proceso, DESC, libertad personal y libertad de expresión |
|
| 260 | _c2005 | ||
| 300 |
_a _c21 cm. |
||
| 650 | _aGEN | ||
| 654 | _aCHU | ||
| 942 |
_cLIB _dJUS _fJUS _2ddc _n |
||
| 999 |
_c4505 _d4505 |
||